Tsuda Umeco and women's education in Japan

Αποθηκεύτηκε σε:
Λεπτομέρειες βιβλιογραφικής εγγραφής
Κύριος συγγραφέας: Rose, Barbara 1958
Μορφή: Βιβλίο
Γλώσσα:English
Δημοσίευση: New York : Yale Universitey Press, 1992
Θέματα:
Ετικέτες: Προσθήκη ετικέτας
Δεν υπάρχουν, Καταχωρήστε ετικέτα πρώτοι!

MARC

LEADER 00000nam a2200000 i 4500
001 1/80346
008 990507s1992 eng d
020 |a 0-300-05177-8 
035 |l 10050612 
040 |a GR-MY-UA  |b gre  |e aacr 
041 0 |a eng 
082 0 |a 376.952 
100 1 |a Rose, Barbara  |d 1958. 
245 1 0 |a Tsuda Umeco and women's education in Japan /  |c Barbara Rose 
260 |a New York :   |b Yale Universitey Press,   |c 1992 
300 |a 208 p. 
600 1 0 |a Tsuda Umeco  |d 1864-1929. 
650 0 0 |a Women educators  |z Japan  |x Biography. 
650 0 0 |a Women  |x Education (Higher)  |z Japan  |x History. 
852 |a INST  |b RHODES  |e 19990507  |h 376.952 ROS  |p 005400015266  |q 005400015266  |t BK  |y 0 
901 |a BIBL4-1999-2 
909 |a Ρ  |b 064900  |c 1999 
922 |a 4ΕΛΗ  |b 199903  |d LEADER